Application of Artificial Intelligence in Higher Education Institutions for Developing Soft Skills of Future Specialists in the Sphere of Information Technology

Cieľom tohto príspevku je načrtnúť významnú úlohu umelej inteligencie (AI) pri rozvoji mäkkých zručností budúcich profesionálov v oblasti informačných technológií (IT). Na dosiahnutie tohto cieľa autori uvádzajú niekoľko relevantných úvah týkajúcich sa používania AI pri výučbe humanitárnych predmeto...

Ausführliche Beschreibung

Gespeichert in:
Bibliographische Detailangaben
1. Verfasser: Shumeiko, Natalia, 1972-
Weitere Verfasser: Osadcha, K.P
Format: Buchkapitel
Sprache:Englisch
Schlagworte:
Tags: Tag hinzufügen
Keine Tags, Fügen Sie das erste Tag hinzu!

MARC

LEADER 00000naa$a2200000$$$4500
001 0305573
005 20260206091804.5
041 0 |a eng 
044 |a GB 
245 1 0 |a Application of Artificial Intelligence in Higher Education Institutions for Developing Soft Skills of Future Specialists in the Sphere of Information Technology  |c Natalia Shumeiko, K.P. Osadcha 
520 |a Cieľom tohto príspevku je načrtnúť významnú úlohu umelej inteligencie (AI) pri rozvoji mäkkých zručností budúcich profesionálov v oblasti informačných technológií (IT). Na dosiahnutie tohto cieľa autori uvádzajú niekoľko relevantných úvah týkajúcich sa používania AI pri výučbe humanitárnych predmetov a skúmajú využitie AI na rozvoj mäkkých zručností nevyhnutných pre budúcich IT profesionálov. 
610 2 0 |a inteligencia umelá 
610 2 0 |a kompetencie 
610 2 0 |a vzdelávanie 
610 2 0 |a vedy humanitné 
610 2 0 |a technológie informačné 
100 1 |a Shumeiko, Natalia, 1972- 
700 1 |a Osadcha, K.P.